Which one is wrong? Multiple Choice Picture Quiz - Statistics

General Stats
  • This quiz has been taken 78 times
  • The average score is 4 of 6
Answer Stats
Question Answer % Correct
Which one is wrong?
100%
Which one is wrong?
100%
Which one is wrong?
80%
Which one is wrong?
60%
Which one is wrong?
60%
Which one is wrong?
20%
No matching quizzes found
Score Distribution
Percent of People with Each Score
Percentile by Number Answered
Your Score History
You have not taken this quiz